000 00348 a2200145 4500
001 46135
020 _a978-85-376-0687-2
040 _cAnchieta - Aquarius
240 1 0 _a*Os animais entraram de dois em dois
_lpor
245 1 0 _a*Os animais entraram de dois em dois
300 _a
362 0 _a2008
650 4 _aLiteratura infantil
942 _cBK
999 _c46135
_d46135